000 00257nam a2200109Ia 4500
008 220204s9999 xx 000 0 und d
082 _a82-3
_bMOY
100 _aMoynahan, Brian
245 0 _aAirport international
260 _aLondon
_bPan
_c1979
942 _cBK
999 _c32626
_d32626